| 000 | 00781 a2200229 4500 | ||
|---|---|---|---|
| 010 | _aENG-85328 | ||
| 020 |
_a8180180514 _c175.00 |
||
| 035 | _aEN-68861 | ||
| 037 | _bD.B.Act / Pub | ||
| 082 | 1 | 4 | _a320.50954 |
| 090 |
_c2077 _d2077 |
||
| 100 | 1 | _aDas, Hari Hara | |
| 245 | 1 |
_aIndian political thought _cby Hari Hara Das |
|
| 260 |
_aNew Delhi _bNational Publishing House _c2005 |
||
| 270 |
_a23, Daryaganj _bNew Delhi _e110 002 _k011-23274161, 011-23275267 _mklmalik@mantraonline.com |
||
| 300 |
_axviii, 433 p. _c21 cm (Pbk.) |
||
| 500 | _aIncludes bibliographical reference and index | ||
| 650 | _xIndia | ||
| 651 | _xPolitiocal Science | ||
| 942 |
_adpl _cEN _k320.50954 / DAS |
||
| 999 |
_c2042 _d2042 |
||